[Event "IV Open A"]
[Site "Bergamo ITA"]
[Date "2005.07.31"]
[Round "5"]
[White "Cardani, Roberto"]
[Black "Dragojlovic, Andjelko"]
[Result "0-1"]
[WhiteElo "1826"]
[BlackElo "2320"]
[PlyCount "60"]
[EventDate "2005.07.29"]

1. e4 c5 2. Nf3 g6 3. d4 cxd4 4. Nxd4 Bg7 5. c4 Nc6 6. Be3 Nf6 7. Nc3 Ng4 8.
Qxg4 Nxd4 9. Qd1 e5 10. Qd2 O-O 11. Ne2 Qb6 12. O-O-O Qa6 13. Nxd4 exd4 14.
Bxd4 Bxd4 15. Qxd4 Qxa2 16. h4 d5 17. h5 dxe4 18. hxg6 fxg6 19. Qd5+ Rf7 20.
Rxh7 Qa1+ 21. Kc2 Qa4+ 22. Kc3 Qe8 23. Rxf7 Be6 24. Rf8+ Kxf8 25. Qxe4 Qf7 26.
Bd3 Rc8 27. Qxg6 Rxc4+ 28. Kd2 Qxf2+ 29. Be2 Rd4+ 30. Kc1 Qf4+ 0-1

[Event "IV Open A"]
[Site "Bergamo ITA"]
[Date "2005.07.31"]
[Round "5"]
[White "Castellano, Fabio Marco"]
[Black "Pirola, Andrea"]
[Result "0-1"]
[WhiteElo "1893"]
[BlackElo "2094"]
[PlyCount "45"]
[EventDate "2005.07.29"]

1. e4 e6 2. d4 d5 3. Nd2 Nc6 4. c3 e5 5. Ngf3 exd4 6. cxd4 dxe4 7. Nxe4 Nf6 8.
Nc3 Bd6 9. Bb5 O-O 10. O-O Bg4 11. Bxc6 bxc6 12. Be3 Nd5 13. Ne4 Re8 14. Nxd6
Qxd6 15. h3 Bh5 16. Re1 Re6 17. Rc1 Rae8 18. Rc5 f5 19. Kf1 Re4 20. Bd2 Rxe1+
21. Bxe1 Bxf3 22. Qxf3 Qh2 23. g3 0-1

[Event "IV Open A"]
[Site "Bergamo ITA"]
[Date "2005.07.31"]
[Round "5"]
[White "Cottarelli, Franco"]
[Black "Carbone, Lorenzo"]
[Result "1-0"]
[WhiteElo "2000"]
[BlackElo "1853"]
[PlyCount "39"]
[EventDate "2005.07.29"]

1. e4 c5 2. Nc3 e6 3. g3 b6 4. Bg2 Bb7 5. Nge2 Nf6 6. O-O d6 7. d4 cxd4 8. Nxd4
Na6 9. Bg5 h6 10. Bxf6 gxf6 11. Qh5 Qd7 12. a4 Rg8 13. h4 Rc8 14. Nb3 Nc5 15.
Nd4 Bc6 16. Bh3 Ke7 17. Nd5+ Bxd5 18. exd5 a5 19. Rfe1 Re8 20. Nc6+ 1-0

[Event "IV Open A"]
[Site "Bergamo ITA"]
[Date "2005.07.31"]
[Round "5"]
[White "Gandolfi, Gianfranco"]
[Black "Bettini, Massimo"]
[Result "0-1"]
[WhiteElo "1929"]
[BlackElo "1911"]
[PlyCount "68"]
[EventDate "2005.07.29"]

1. e4 e5 2. Nf3 Nc6 3. d4 exd4 4. Bc4 Nf6 5. e5 d5 6. Bb5 Ne4 7. Nxd4 Bd7 8.
Bxc6 bxc6 9. O-O Bc5 10. f3 Ng5 11. Be3 O-O 12. Nd2 f6 13. f4 fxe5 14. fxe5
Rxf1+ 15. Qxf1 Qe7 16. Qf4 Rf8 17. Qg3 Bb6 18. c3 Ne6 19. N2b3 a5 20. Rf1 Rxf1+
21. Kxf1 a4 22. Nc1 c5 23. Nxe6 Bb5+ 24. Ke1 Qxe6 25. Qf4 d4 26. cxd4 cxd4 27.
Bxd4 Qc4 28. Be3 Bxe3 29. Qxe3 Qf1+ 30. Kd2 Qxg2+ 31. Kc3 Qxh2 32. e6 Qd6 33.
e7 Kf7 34. Nd3 Qxd3+ 0-1

[Event "IV Open A"]
[Site "Bergamo ITA"]
[Date "2005.07.31"]
[Round "5"]
[White "Jurkovic, Ante"]
[Black "Marmili, Giulio"]
[Result "1-0"]
[WhiteElo "2333"]
[BlackElo "2012"]
[PlyCount "105"]
[EventDate "2005.07.29"]

1. e4 c5 2. Nf3 Nc6 3. d4 cxd4 4. Nxd4 Nf6 5. Nc3 d6 6. f3 Qb6 7. Nb3 a6 8. Bf4
Be6 9. Qd2 h5 10. O-O-O g6 11. Kb1 Bg7 12. Be3 Qc7 13. h3 Na5 14. Na4 Nxb3 15.
cxb3 b5 16. Nc3 Qb7 17. Be2 Rc8 18. g4 hxg4 19. hxg4 Rxh1 20. Rxh1 Kd7 21. Rd1
Ke8 22. Bd4 Qc6 23. Bd3 Kf8 24. Ne2 Bd7 25. Be3 e5 26. Bg5 d5 27. Rc1 Qd6 28.
Bc2 Rc6 29. Rd1 d4 30. Nc1 Ng8 31. Qh2 f6 32. Bd2 b4 33. Bd3 Be6 34. g5 f5 35.
Qe2 Ne7 36. Bc4 a5 37. Bxe6 Qxe6 38. Nd3 f4 39. Nf2 Qd6 40. Qb5 Rc5 41. Qb7 Kf7
42. Nd3 Rc6 43. Qb5 Qc7 44. Rh1 Rc2 45. Rc1 Rxc1+ 46. Bxc1 Nc8 47. Qd5+ Kf8 48.
Nc5 Qd6 49. Qc4 Nb6 50. Qb5 Ke7 51. Nd3 Ke6 52. Qxa5 Bf8 53. Bd2 1-0

[Event "IV Open A"]
[Site "Bergamo ITA"]
[Date "2005.07.31"]
[Round "5"]
[White "Kovacevic, Blazimir"]
[Black "Locatelli, Andrea"]
[Result "1-0"]
[WhiteElo "2495"]
[BlackElo "2139"]
[PlyCount "71"]
[EventDate "2005.07.29"]

1. Nf3 Nf6 2. c4 e6 3. g3 d5 4. b3 Be7 5. Bg2 O-O 6. O-O Nbd7 7. Bb2 c6 8. e3
b5 9. d3 Qb6 10. Nbd2 Ba6 11. Qc2 bxc4 12. dxc4 Rfc8 13. Rfd1 Bb7 14. Rab1 a5
15. Ba1 Bb4 16. Ne1 e5 17. Nd3 Re8 18. Rbc1 Ba3 19. Bb2 Bxb2 20. Nxb2 Rac8 21.
Na4 Qa7 22. Nb1 Ba6 23. cxd5 cxd5 24. Qd2 Bb7 25. Nbc3 e4 26. Nb5 Qa6 27. Nc7
Rxc7 28. Rxc7 Ne5 29. Nc5 Qb6 30. Rxb7 Qxc5 31. Qc1 Qd6 32. Qc7 Qe6 33. Rb8 g5
34. Rxe8+ Nxe8 35. Qd8 f6 36. Qxd5 1-0

[Event "IV Open A"]
[Site "Bergamo ITA"]
[Date "2005.07.31"]
[Round "5"]
[White "Piantoni, Roberto"]
[Black "Magrini, Fabrizio"]
[Result "1/2-1/2"]
[WhiteElo "2186"]
[BlackElo "1996"]
[PlyCount "106"]
[EventDate "2005.07.29"]

1. d4 Nf6 2. Nf3 g6 3. Bf4 d6 4. h3 Bg7 5. e3 c5 6. c3 Qb6 7. Qc1 Bf5 8. Nbd2
Nc6 9. Be2 cxd4 10. exd4 Rc8 11. O-O O-O 12. Nc4 Qd8 13. Bh6 b5 14. Bxg7 Kxg7
15. Ne3 Be4 16. Qd1 Qb6 17. Nd2 e6 18. Nxe4 Nxe4 19. Qd3 d5 20. Qxb5 Qc7 21.
Qd3 f5 22. Bf3 Rb8 23. Bxe4 dxe4 24. Qe2 Qb7 25. Rab1 f4 26. Ng4 h5 27. Nh2 Ne7
28. Rfe1 e3 29. fxe3 Nd5 30. e4 Ne3 31. Nf1 f3 32. gxf3 Nxf1 33. Rxf1 Rf4 34.
Rf2 Rbf8 35. Rbf1 Qe7 36. Kh2 Qh4 37. Rg2 Kh7 38. Qf2 Qf6 39. Qg3 Rg8 40. Qg5
Qf7 41. Rgf2 Qc7 42. Kg2 Rgf8 43. a4 Qc4 44. Qb5 Qc7 45. Qc5 Qb8 46. b4 R4f7
47. Qe5 Qc8 48. Rc2 Qc4 49. Qb5 Qb3 50. Qd3 Qxa4 51. Rff2 Rf4 52. b5 Qa5 53. c4
Qd8 1/2-1/2

[Event "IV Open A"]
[Site "Bergamo ITA"]
[Date "2005.07.31"]
[Round "5"]
[White "Regorda, Vittorio"]
[Black "Borboni, Paolo"]
[Result "1-0"]
[WhiteElo "1814"]
[BlackElo "1879"]
[PlyCount "51"]
[EventDate "2005.07.29"]

1. c4 Nf6 2. Nc3 g6 3. g3 e5 4. Bg2 Bg7 5. e4 d6 6. Nge2 O-O 7. d3 Nbd7 8. O-O
a5 9. h3 Nc5 10. Be3 Ne8 11. f4 exf4 12. Nxf4 Ne6 13. Qc2 Nd4 14. Qd2 Be5 15.
Nce2 Nxe2+ 16. Nxe2 c5 17. Rf2 Ng7 18. d4 cxd4 19. Bxd4 Qe7 20. Raf1 Nh5 21.
Bxe5 dxe5 22. g4 Ng7 23. Nc3 Be6 24. Nd5 Qc5 25. Nf6+ Kh8 26. Qh6 1-0

[Event "IV Open A"]
[Site "Bergamo ITA"]
[Date "2005.07.31"]
[Round "5"]
[White "Sciortino, Massimo"]
[Black "Regorda, Massimiliano"]
[Result "1-0"]
[WhiteElo "2294"]
[BlackElo "1802"]
[PlyCount "67"]
[EventDate "2005.07.29"]

1. Nf3 d5 2. d4 e6 3. c4 Be7 4. Nc3 Nf6 5. cxd5 exd5 6. Bg5 O-O 7. e3 c6 8. Bd3
Bg4 9. Qc2 h6 10. h4 Nbd7 11. Nd2 c5 12. f3 cxd4 13. exd4 Be6 14. O-O-O a5 15.
g4 Qb6 16. Be3 Rfc8 17. g5 Nh5 18. gxh6 g6 19. Ndb1 a4 20. Bxg6 fxg6 21. Qxg6+
Kh8 22. Qxh5 a3 23. Rh2 axb2+ 24. Rxb2 Rxc3+ 25. Nxc3 Ba3 26. Rdd2 Qa5 27. Nd1
Rc8+ 28. Kb1 Bxb2 29. Rxb2 Qa4 30. f4 Bf5+ 31. Ka1 Be4 32. Nc3 Rxc3 33. Qe8+
Kh7 34. Qf7+ 1-0

[Event "IV Open A"]
[Site "Bergamo ITA"]
[Date "2005.07.31"]
[Round "5"]
[White "Vezzosi, Paolo"]
[Black "Brancaleoni, Maurizio"]
[Result "1/2-1/2"]
[WhiteElo "2380"]
[BlackElo "2314"]
[PlyCount "30"]
[EventDate "2005.07.29"]

1. d4 Nf6 2. Nf3 d5 3. c4 e6 4. Nc3 dxc4 5. e3 a6 6. Bxc4 b5 7. Bb3 Bb7 8. O-O
c5 9. Qe2 Nbd7 10. Rd1 Qb8 11. h3 Bd6 12. d5 Nxd5 13. Nxd5 Bxd5 14. Bxd5 exd5
15. Rxd5 Nf6 1/2-1/2

[Event "IV Open A"]
[Site "Bergamo ITA"]
[Date "2005.07.31"]
[Round "5"]
[White "Xia, Jie"]
[Black "Barazzetta, Massimo"]
[Result "1-0"]
[WhiteElo "2121"]
[BlackElo "1900"]
[PlyCount "39"]
[EventDate "2005.07.29"]

1. e4 d5 2. d4 dxe4 3. Nc3 Nf6 4. Bc4 Bg4 5. f3 exf3 6. Nxf3 e6 7. Bg5 Be7 8.
Qe2 c6 9. O-O-O O-O 10. Qf2 b5 11. Bd3 Nbd7 12. Qh4 g6 13. Ne5 Bxd1 14. Nxc6
Qe8 15. Nxe7+ Qxe7 16. Ne4 h5 17. Nxf6+ Nxf6 18. Bxf6 Qc7 19. Rxd1 Rfc8 20. Qg5
1-0

[Event "IV Open A"]
[Site "Bergamo ITA"]
[Date "2005.07.31"]
[Round "6"]
[White "Bettini, Massimo"]
[Black "Rostolis, Riccardo"]
[Result "1-0"]
[WhiteElo "1911"]
[BlackElo "1966"]
[PlyCount "49"]
[EventDate "2005.07.29"]

1. e4 d5 2. exd5 Nf6 3. d4 Nxd5 4. c4 Nf6 5. Nc3 Nc6 6. Nf3 Bg4 7. d5 Ne5 8.
Be2 Nxf3+ 9. Bxf3 Bxf3 10. Qxf3 Qd7 11. O-O O-O-O 12. Be3 Kb8 13. Bxa7+ Kxa7
14. Nb5+ Kb8 15. Qe3 Qg4 16. Qc5 Ne8 17. Qa7+ Kc8 18. Qa8+ Kd7 19. Qxb7 Qg6 20.
c5 Rc8 21. Na7 Rd8 22. c6+ Kd6 23. Qb4+ Ke5 24. Rae1+ Kf6 25. Qd4+ 1-0

[Event "IV Open A"]
[Site "Bergamo ITA"]
[Date "2005.07.31"]
[Round "6"]
[White "Canova, Luca"]
[Black "Cardani, Roberto"]
[Result "1-0"]
[WhiteElo "2093"]
[BlackElo "1826"]
[PlyCount "49"]
[EventDate "2005.07.29"]

1. e4 c5 2. Nc3 Nc6 3. g3 g6 4. Bg2 Bg7 5. d3 d6 6. Be3 e6 7. Qd2 Rb8 8. Nge2
b5 9. O-O Nd4 10. Nc1 b4 11. Nd1 Ne7 12. c3 bxc3 13. bxc3 Ndc6 14. Bh6 O-O 15.
Bxg7 Kxg7 16. Ne3 e5 17. Ne2 Qc7 18. f4 f5 19. Rf2 Be6 20. Raf1 Na5 21. Bh3 Qd7
22. fxe5 fxe4 23. Bxe6 Qxe6 24. Nf4 Qxe5 25. d4 1-0

[Event "IV Open A"]
[Site "Bergamo ITA"]
[Date "2005.07.31"]
[Round "6"]
[White "Dragojlovic, Andjelko"]
[Black "Kovacevic, Blazimir"]
[Result "1-0"]
[WhiteElo "2320"]
[BlackElo "2495"]
[PlyCount "86"]
[EventDate "2005.07.29"]

1. g3 d5 2. d4 Nf6 3. Bg2 c6 4. Nf3 Bf5 5. O-O h6 6. c4 e6 7. Nc3 Nbd7 8. b3
Bd6 9. Bb2 O-O 10. Nd2 Qe7 11. e4 dxe4 12. Ndxe4 Ba3 13. Qc1 Bxb2 14. Qxb2 Nxe4
15. Nxe4 Bxe4 16. Bxe4 Nf6 17. Bf3 Rfd8 18. Rad1 Rd7 19. Rd2 Rad8 20. Rfd1 Ne8
21. Kg2 Qf6 22. b4 Nd6 23. Qb3 Nf5 24. d5 Qg5 25. Kf1 exd5 26. cxd5 Ne7 27. h4
Qe5 28. Re1 Qc7 29. Qe3 Nxd5 30. Bxd5 Rxd5 31. Rxd5 cxd5 32. Qxa7 Qc4+ 33. Kg2
Qxb4 34. Qe3 d4 35. Qe4 Qc3 36. Qe7 Qc6+ 37. f3 Qd5 38. Re2 d3 39. Rd2 Rc8 40.
a4 Rc2 41. Qe8+ Kh7 42. Qe3 f5 43. Kf2 43... Qa2 {...} 1-0

[Event "IV Open A"]
[Site "Bergamo ITA"]
[Date "2005.07.31"]
[Round "6"]
[White "Drezzadore, Dario"]
[Black "Rezzuti, Vincenzo"]
[Result "0-1"]
[WhiteElo "2019"]
[BlackElo "1907"]
[PlyCount "44"]
[EventDate "2005.07.29"]

1. e4 e5 2. Nf3 Nc6 3. d4 exd4 4. Bc4 Nf6 5. O-O Bc5 6. e5 d5 7. exf6 dxc4 8.
Re1+ Be6 9. Ng5 Qd5 10. Nc3 Qf5 11. Nce4 O-O-O 12. Nxe6 fxe6 13. g4 Qe5 14. Bg5
Rhg8 15. f7 Rgf8 16. Bxd8 Nxd8 17. Qf3 Rxf7 18. Qh3 Bb6 19. Qxh7 d3 20. c3 Qf4
21. Qh4 Qf3 22. Rad1 Rf4 0-1

[Event "IV Open A"]
[Site "Bergamo ITA"]
[Date "2005.07.31"]
[Round "6"]
[White "Marmili, Giulio"]
[Black "Andreoli, Renato"]
[Result "1-0"]
[WhiteElo "2012"]
[BlackElo "2154"]
[PlyCount "69"]
[EventDate "2005.07.29"]

1. c4 Nf6 2. g3 e6 3. Bg2 d5 4. Qb3 Be7 5. Nf3 O-O 6. d3 Nbd7 7. O-O b6 8. cxd5
exd5 9. d4 Bb7 10. Nc3 c5 11. dxc5 Nxc5 12. Qd1 Nfe4 13. Nb5 Bf6 14. Nbd4 Re8
15. Be3 Qd7 16. Rc1 Rac8 17. Rc2 Na4 18. Qb1 Rxc2 19. Qxc2 Rc8 20. Qb1 Nd6 21.
Bg5 Bxd4 22. Nxd4 Qg4 23. Bf4 Re8 24. Qc2 Nc5 25. b4 Na6 26. Bxd6 Qxd4 27. b5
Nc5 28. Bxc5 bxc5 29. Rd1 Qe5 30. e3 c4 31. a4 g6 32. h4 Bc8 33. Rxd5 Qe6 34.
Qxc4 Qb6 35. Qc6 1-0

[Event "IV Open A"]
[Site "Bergamo ITA"]
[Date "2005.07.31"]
[Round "6"]
[White "Perissinotto, Claudio"]
[Black "Agnelli, Francesco"]
[Result "1-0"]
[WhiteElo "2108"]
[BlackElo "2055"]
[PlyCount "71"]
[EventDate "2005.07.29"]

1. e4 c5 2. Nf3 Nc6 3. d4 cxd4 4. Nxd4 e5 5. Nb5 d6 6. c4 Be7 7. N1c3 a6 8. Na3
Nf6 9. Nc2 O-O 10. Be2 Be6 11. O-O Kh8 12. Be3 Nd7 13. Qd2 f5 14. exf5 Bxf5 15.
Bd3 Qe8 16. Rad1 Qg6 17. Bxf5 Rxf5 18. Ne4 Rh5 19. Ng3 Rh4 20. b3 Nf8 21. Qd3
Qxd3 22. Rxd3 g6 23. f3 Ne6 24. Rfd1 b5 25. Ne4 bxc4 26. bxc4 Nc5 27. Bxc5 dxc5
28. Rd7 Bf8 29. Rb1 Na5 30. g3 Rh5 31. Nf6 Rh3 32. Kg2 Rh6 33. Ne3 Bg7 34. Neg4
Bxf6 35. Nxh6 Nxc4 36. Rbb7 1-0

[Event "IV Open A"]
[Site "Bergamo ITA"]
[Date "2005.07.31"]
[Round "6"]
[White "Piantoni, Roberto"]
[Black "Cottarelli, Franco"]
[Result "1-0"]
[WhiteElo "2186"]
[BlackElo "2000"]
[PlyCount "107"]
[EventDate "2005.07.29"]

1. d4 f5 2. Nc3 Nf6 3. Bg5 d5 4. e3 e6 5. Nge2 c6 6. Nf4 Bd6 7. Nh5 Nbd7 8.
Nxg7+ Kf7 9. Nh5 Qg8 10. Bf4 Bb4 11. Nxf6 Nxf6 12. a3 Ba5 13. b4 Bd8 14. Be5 a5
15. Ne2 Qg5 16. Nf4 Rg8 17. Be2 Ne4 18. Bh5+ Kf8 19. O-O Qh6 20. Be2 Be7 21. b5
Nc3 22. Qd2 Ne4 23. Qe1 Bd7 24. bxc6 Bxc6 25. Bd3 Ng5 26. Kh1 Nf7 27. Bc7 Rg4
28. Nh3 Nd6 29. f3 Rh4 30. Qg3 Nc4 31. Bxc4 dxc4 32. Bf4 Qh5 33. Bg5 Bxg5 34.
Nxg5 Ke7 35. Nh3 Rf8 36. Qg5+ Qxg5 37. Nxg5 Rg8 38. Nh3 Rg6 39. Nf4 Rg5 40.
Rad1 Ba4 41. Rf2 Kd6 42. Rb1 Bc6 43. Ne2 Rgh5 44. h3 Rh6 45. Kh2 Rg6 46. Nc3 f4
47. e4 Rg7 48. Rd2 Rh6 49. Rbd1 Kc7 50. d5 exd5 51. exd5 Bd7 52. d6+ Kc8 53.
Nd5 Rg3 54. Nxf4 1-0

[Event "IV Open A"]
[Site "Bergamo ITA"]
[Date "2005.07.31"]
[Round "6"]
[White "Pirola, Andrea"]
[Black "Casartelli, Fabio"]
[Result "1-0"]
[WhiteElo "2094"]
[BlackElo "1934"]
[PlyCount "77"]
[EventDate "2005.07.29"]

1. e4 e5 2. d4 exd4 3. Qxd4 Nc6 4. Qe3 Nf6 5. Nc3 Be7 6. Bd2 d5 7. exd5 Nxd5 8.
Nxd5 Qxd5 9. Nf3 O-O 10. Bd3 Bc5 11. Be4 Bxe3 12. Bxd5 Bxd2+ 13. Nxd2 Re8+ 14.
Ne4 Nb4 15. O-O-O Bf5 16. Ng5 Bg6 17. Bb3 h6 18. Nh3 Bf5 19. Nf4 Re4 20. Nh5
Re7 21. Ng3 Bg6 22. f4 Rae8 23. f5 Bh7 24. f6 gxf6 25. Nh5 Kh8 26. Nxf6 Rc8 27.
Rhe1 Rxe1 28. Rxe1 Bg6 29. a3 Kg7 30. Rf1 Na6 31. h4 Nc5 32. Bc4 h5 33. g4 hxg4
34. h5 g3 35. hxg6 g2 36. Rg1 Kxf6 37. gxf7 Ne6 38. Rxg2 Rf8 39. Rf2+ 1-0

[Event "IV Open A"]
[Site "Bergamo ITA"]
[Date "2005.07.31"]
[Round "6"]
[White "Valsecchi, Alessio"]
[Black "Sala, Giovanni"]
[Result "1-0"]
[WhiteElo "1945"]
[BlackElo "1832"]
[PlyCount "101"]
[EventDate "2005.07.29"]

1. e4 c5 2. Nf3 d6 3. d4 cxd4 4. Nxd4 Nf6 5. Nc3 a6 6. Bc4 e6 7. Bb3 Nbd7 8.
O-O Nc5 9. f4 Be7 10. Qf3 O-O 11. Be3 Qc7 12. Rae1 b5 13. e5 Bb7 14. exd6 Bxd6
15. Qh3 Nxb3 16. axb3 Rfd8 17. f5 Bc5 18. Qh4 e5 19. Nf3 b4 20. Na4 Bxe3+ 21.
Rxe3 e4 22. Ne1 Bc6 23. Rg3 Qa7+ 24. Kh1 Rd6 25. Qg5 Ne8 26. f6 Qd4 27. fxg7
Rg6 28. Qe7 Nd6 29. Rxg6 hxg6 30. c3 Qd2 31. Qh4 Kxg7 32. Nb6 Nf5 33. Rxf5 gxf5
34. Nxa8 Bxa8 35. Qg3+ Kf6 36. Qh4+ Ke6 37. cxb4 e3 38. Qc4+ Bd5 39. Qxa6+ Ke5
40. Qf1 e2 41. Qf2 f4 42. Kg1 Qe3 43. b5 Kd6 44. h4 Kc5 45. Qxe3+ fxe3 46. Kh2
f5 47. Kg3 Kxb5 48. Kf4 Bxb3 49. Kxe3 Bf7 50. Kxe2 Kb4 51. Kf3 1-0

[Event "IV Open A"]
[Site "Bergamo ITA"]
[Date "2005.07.31"]
[Round "6"]
[White "Xia, Jie"]
[Black "Vezzosi, Paolo"]
[Result "0-1"]
[WhiteElo "2121"]
[BlackElo "2380"]
[PlyCount "69"]
[EventDate "2005.07.29"]

1. e4 c5 2. Nf3 Nc6 3. d4 cxd4 4. Nxd4 Qc7 5. Nc3 e6 6. Be2 Nf6 7. O-O Nxd4 8.
Qxd4 Bc5 9. Qd3 a6 10. Be3 O-O 11. Kh1 b5 12. Bg5 Bb7 13. f4 b4 14. e5 Nd5 15.
Ne4 Be7 16. Qh3 f5 17. exf6 Nxf6 18. Bxf6 Bxf6 19. Bd3 g6 20. Rf3 Be7 21. Qh6
Rf7 22. Raf1 Raf8 23. Rh3 Rg7 24. Ng3 Rf6 25. Ne4 Rf5 26. Ng3 Rff7 27. Ne4 Bd5
28. Rg3 Rf5 29. Rh3 Qc6 30. Re1 Rgf7 31. g3 Qb6 32. Kg2 e5 33. Kf1 exf4 34. Ke2
Bxe4 35. Bxe4 0-1

[Event "XV C.to Europeo a squadre"]
[Site "Goteborg SWE"]
[Date "2005.07.30"]
[Round "1.1"]
[White "Godena, Michele"]
[Black "Almasi, Zoltan"]
[Result "1/2-1/2"]
[WhiteElo "2522"]
[BlackElo "2619"]
[Annotator "ITA-HUN"]
[PlyCount "70"]
[EventDate "2005.07.30"]

1.e4 d6 2.d4 Nf6 3.Bd3 e5 4.Nf3 exd4 5.Nxd4 g6 6.O-O Bg7 7.c3 Nbd7 8.Bc2 
h6 9.Nd2 O-O 10.Re1 b6 11.Nf1 Bb7 12.Ng3 Re8 13.Bf4 Nc5 14.f3 h5 15.Bg5 
Qd7 16.Qd2 Nh7 17.Bh4 d5 18.exd5 Bxd5 19.Nf1 Ne6 20.Nxe6 Bxe6 21.Qxd7 Bxd7
22.Bg3 c5 23.Ne3 Nf6 24.Nc4 Rxe1+ 25.Rxe1 Be6 26.Bb3 Rd8 27.Bc7 Rd7 28.Bb8
Bd5 29.Bf4 b5 30.Ne5 Re7 31.Nd3 Rxe1+ 32.Nxe1 c4 33.Bd1 Be6 34.Be3 a6 35.
Bd4 Nd5 1/2-1/2

[Event "XV C.to Europeo a squadre"]
[Site "Goteborg SWE"]
[Date "2005.07.30"]
[Round "1.2"]
[White "Berkes, Ferenc"]
[Black "D'Amore, Carlo"]
[Result "0-1"]
[WhiteElo "2619"]
[BlackElo "2463"]
[Annotator "ITA-HUN"]
[PlyCount "52"]
[EventDate "2005.07.30"]

1.d4 d5 2.c4 c6 3.Nf3 Nf6 4.Nc3 e6 5.Bg5 dxc4 6.e4 b5 7.e5 h6 8.Bh4 g5 9.
Nxg5 hxg5 10.Bxg5 Nbd7 11.g3 Qa5 12.exf6 b4 13.Ne4 Ba6 14.Qf3 O-O-O 15.Bg2
c3 16.Nxc3 Nb8 17.Ne4 Rxd4 18.Be3 b3+ 19.Nc3 Ra4 20.Bf1 Bb7 21.Bg2 Rxa2 
22.Rd1 Ba6 23.Bf1 Rxb2 24.Bxa6+ Qxa6 25.Qe4 Rc2 26.Qd4 Ba3 0-1

[Event "XV C.to Europeo a squadre"]
[Site "Goteborg SWE"]
[Date "2005.07.30"]
[Round "1.4"]
[White "Balogh, Csaba"]
[Black "Mogranzini, Roberto"]
[Result "1-0"]
[WhiteElo "2537"]
[BlackElo "2363"]
[Annotator "ITA-HUN"]
[PlyCount "79"]
[EventDate "2005.07.30"]

1.e4 c5 2.Nf3 e6 3.d4 cxd4 4.Nxd4 a6 5.c4 Qc7 6.Nc3 Nf6 7.a3 b6 8.Be3 Bb7 
9.f3 d6 10.Rc1 Nbd7 11.Be2 Be7 12.O-O Rc8 13.Qd2 O-O 14.b4 Qb8 15.Rc2 Bd8 
16.Kh1 Bc7 17.Bg1 Rfe8 18.Rb1 Qa8 19.Na4 Ne5 20.Bf1 Nxe4 21.fxe4 Bxe4 22.
Re1 Bxc2 23.Nxc2 Qb7 24.Qd4 Qc6 25.Nb2 Bd8 26.Rd1 Bc7 27.Rd2 Red8 28.b5 
Qa8 29.Na4 d5 30.Nxb6 Bxb6 31.Qxb6 Nxc4 32.Bxc4 Rxc4 33.Qxa6 Qb8 34.b6 
Rdc8 35.Nd4 Rc1 36.b7 R8c7 37.Rb2 Rxg1+ 38.Kxg1 Rc1+ 39.Kf2 Qf4+ 40.Nf3 
1-0

[Event "XV C.to Europeo a squadre"]
[Site "Goteborg SWE"]
[Date "2005.07.31"]
[Round "2.1"]
[White "Bakalarz, Mieczyslaw"]
[Black "Godena, Michele"]
[Result "1-0"]
[WhiteElo "2423"]
[BlackElo "2522"]
[Annotator "ITA-LUX"]
[PlyCount "61"]
[EventDate "2005.07.30"]

1.c4 e5 2.Nc3 Bb4 3.g3 Bxc3 4.bxc3 d6 5.Bg2 Ne7 6.d3 O-O 7.e4 Nbc6 8.Rb1 
b6 9.Ne2 Qe8 10.O-O f5 11.f3 Bd7 12.exf5 Bxf5 13.g4 Be6 14.h3 Rd8 15.f4 
exf4 16.Nxf4 Bf7 17.Nd5 Nxd5 18.cxd5 Ne5 19.Bg5 Rd7 20.d4 Ng6 21.Qd3 h6 
22.Rbe1 Qa8 23.Rxf7 Rdxf7 24.Qxg6 Re8 25.Re6 hxg5 26.Be4 Kf8 27.Qh7 Rf6 
28.Rxf6+ gxf6 29.Bg6 Re1+ 30.Kf2 Qxd5 31.Qh8+ 1-0

[Event "XV C.to Europeo a squadre"]
[Site "Goteborg SWE"]
[Date "2005.07.31"]
[Round "2.3"]
[White "Wagener, Claude"]
[Black "Contin, Daniel"]
[Result "1/2-1/2"]
[WhiteElo "2273"]
[BlackElo "2393"]
[Annotator "ITA-LUX"]
[PlyCount "55"]
[EventDate "2005.07.30"]

1.e4 c5 2.Nf3 Nc6 3.d4 cxd4 4.Nxd4 g6 5.c4 Nf6 6.Nc3 d6 7.Be2 Nxd4 8.Qxd4 
Bg7 9.Bg5 O-O 10.Qd2 Be6 11.Rd1 a6 12.O-O Re8 13.f4 Rc8 14.b3 b5 15.f5 Bd7
16.e5 b4 17.exf6 bxc3 18.fxe7 Qxe7 19.f6 Qe5 20.Qf4 Qxf4 21.Bxf4 Rxe2 22.
fxg7 Kxg7 23.Rxd6 Bc6 24.Rf2 Re1+ 25.Rf1 Re2 26.Rf2 Re1+ 27.Rf1 Re2 28.Rf2
1/2-1/2

[Event "XV C.to Europeo a squadre"]
[Site "Goteborg SWE"]
[Date "2005.07.31"]
[Round "2.4"]
[White "Mogranzini, Roberto"]
[Black "Weber, Jean-Marie"]
[Result "1-0"]
[WhiteElo "2363"]
[BlackElo "2262"]
[Annotator "ITA-LUX"]
[PlyCount "93"]
[EventDate "2005.07.30"]

1.e4 c5 2.Nc3 Nc6 3.Bb5 g6 4.Bxc6 dxc6 5.d3 Bg7 6.Be3 Bd4 7.Qd2 e5 8.Nge2 
Qd6 9.f4 Nf6 10.h3 Nh5 11.fxe5 Bxe5 12.O-O-O Be6 13.Kb1 O-O-O 14.Rhf1 b6 
15.g4 Ng7 16.Bh6 f5 17.gxf5 gxf5 18.Bxg7 Bxg7 19.exf5 Bh6 20.Qe1 Bf7 21.
Ne4 Qd5 22.N2c3 Qd4 23.Qh4 Bf8 24.f6 Rd7 25.Rf4 Qe5 26.Ng5 Bd6 27.Nxf7 
Rxf7 28.Qg4+ Kc7 29.Rf5 Qd4 30.Ne4 Rhf8 31.c3 Qe3 32.Rf3 Qe2 33.Rf2 Qe3 
34.Qe6 Bg3 35.Rff1 Qe2 36.Ng5 Qxe6 37.Nxe6+ Kd6 38.Nxf8 Rxf8 39.f7 Ke7 40.
Rf3 Bh4 41.Rdf1 Bg5 42.Re1+ Kd7 43.Kc2 Be7 44.a4 h5 45.Re4 h4 46.Rg4 Ke6 
47.Rg8 1-0

[Event "XV C.to Europeo a squadre"]
[Site "Goteborg SWE"]
[Date "2005.08.01"]
[Round "3.1"]
[White "Navara, David"]
[Black "D'Amore, Carlo"]
[Result "1-0"]
[WhiteElo "2663"]
[BlackElo "2463"]
[Annotator "ITA-CZE"]
[PlyCount "81"]
[EventDate "2005.07.30"]

1.c4 Nf6 2.Nf3 g6 3.Nc3 Bg7 4.d4 O-O 5.g3 c6 6.Bg2 d5 7.cxd5 cxd5 8.Ne5 e6
9.O-O Nfd7 10.f4 Nc6 11.Be3 Nb6 12.Bf2 f6 13.Nd3 f5 14.e3 Qe7 15.Qe2 Bd7 
16.Ne5 Rab8 17.g4 Nc8 18.Bh4 Qe8 19.gxf5 gxf5 20.Bf3 Bf6 21.Bxf6 Rxf6 22.
Kh1 Kh8 23.Rg1 b6 24.Nd3 Qf8 25.Rg5 N8e7 26.Rag1 Rh6 27.Qg2 Be8 28.Ne2 Ng6
29.Ne5 Rc8 30.Rc1 Nh4 31.Qf2 Nxe5 32.dxe5 Rxc1+ 33.Nxc1 Bb5 34.Bh5 Ng6 35.
Nb3 Bd3 36.Nd4 Qc8 37.Qd2 Be4+ 38.Kg1 Qd7 39.Qb4 Ne7 40.Bf7 Rg6 41.Qd6 1-0

[Event "XV C.to Europeo a squadre"]
[Site "Goteborg SWE"]
[Date "2005.08.01"]
[Round "3.2"]
[White "Bruno, Fabio"]
[Black "Hracek, Zbynek"]
[Result "0-1"]
[WhiteElo "2425"]
[BlackElo "2591"]
[Annotator "ITA-CZE"]
[PlyCount "66"]
[EventDate "2005.07.30"]

1.d4 Nf6 2.Nf3 b6 3.e3 Bb7 4.Bd3 c5 5.O-O g6 6.c4 e6 7.dxc5 bxc5 8.b3 Bg7 
9.Bb2 O-O 10.Nc3 Nc6 11.Be2 Qe7 12.Rc1 Rad8 13.Rc2 Ne8 14.Rd2 f5 15.Qb1 g5
16.Rfd1 d6 17.Bf1 g4 18.Ne1 Ne5 19.Ne2 Nf6 20.Bxe5 dxe5 21.Rxd8 Rxd8 22.
Rxd8+ Qxd8 23.Nd3 Qc7 24.Nc3 e4 25.Nf4 Qe5 26.Qd1 Bf8 27.Qd8 Kf7 28.Nb5 
Be7 29.Qa5 a6 30.Nc3 Qd6 31.Na4 Nd7 32.a3 Qb8 33.Nb6 Qd8 0-1

[Event "XV C.to Europeo a squadre"]
[Site "Goteborg SWE"]
[Date "2005.08.01"]
[Round "3.4"]
[White "Mogranzini, Roberto"]
[Black "Votava, Jan"]
[Result "0-1"]
[WhiteElo "2363"]
[BlackElo "2542"]
[Annotator "ITA-CZE"]
[PlyCount "140"]
[EventDate "2005.07.30"]

1.e4 c5 2.Nf3 e6 3.d4 cxd4 4.Nxd4 a6 5.c4 Nf6 6.Nc3 Bb4 7.Bd3 Bxc3+ 8.bxc3
d6 9.O-O e5 10.Nc2 Nbd7 11.Nb4 Nc5 12.Bg5 h6 13.Bxf6 Qxf6 14.Nd5 Qd8 15.
Rb1 Be6 16.Nb6 Rb8 17.Bc2 O-O 18.Qd2 Qg5 19.Rfd1 Rfd8 20.a4 Kf8 21.a5 Ke7 
22.Rb4 Qxd2 23.Rxd2 Nd7 24.Bd3 Nxb6 25.Rxb6 Rdc8 26.f3 Rc5 27.Rdb2 Rxa5 
28.c5 dxc5 29.Bxa6 Ra1+ 30.Kf2 Rc1 31.Rxb7+ Rxb7 32.Rxb7+ Kd6 33.c4 Bc8 
34.Rb2 Bxa6 35.Rb6+ Kd7 36.Rxa6 Rxc4 37.Ra7+ Ke6 38.Ra6+ Ke7 39.Ra7+ Ke6 
40.Ra6+ Ke7 41.Ra7+ Kf6 42.Ra6+ Kg5 43.Kg3 f6 44.Ra7 Kg6 45.Rc7 Rc2 46.h4 
h5 47.Kh3 c4 48.Kg3 Kh6 49.Kh3 Kg6 50.Kg3 c3 51.Kh3 Kh7 52.Kg3 Kg8 53.Rc8+
Kf7 54.Rc7+ Kf8 55.Kh2 g6 56.Kg3 Ke8 57.Kh3 Kd8 58.Rc6 Kd7 59.Rc5 Kd6 60.
Rc8 Rc1 61.Kh2 f5 62.Kg3 c2 63.Kf2 f4 64.Rc4 g5 65.hxg5 h4 66.g6 Ke7 67.
Rc7+ Kf8 68.Ke2 Rg1 69.Kd2 Rxg2+ 70.Kc1 h3 0-1